Planning and management for a changing environment : a handbook on redesigning postsecondary institutions /

Bibliografske podrobnosti
Glavni avtor: Peterson, Marvin W.
Drugi avtorji: Dill, David D., 1940-, Mets, Lisa A.
Format: Knjiga
Jezik:English
Izdano: San Francisco : Jossey-Bass Publishers, c1997.
Izdaja:1st ed.
Serija:The Jossey-Bass higher and adult education series
Teme:
Classic Catalogue: View this record in Classic Catalogue
LEADER 01470nam a2200325 a 4500
001 2986
003 BD-DhAAL
005 20150419115714.0
008 150419s1997 caua bf 001 0 eng
010 |a  96050208  
020 |a 0787908495 (alk. paper) 
040 |a DLC  |c DLC  |d DLC  |d BD-DhAAL 
050 0 0 |a LB2341  |b .P438 1997 
082 0 0 |a 378.1/01  |2 21 
100 1 |a Peterson, Marvin W.  |9 10566 
245 1 0 |a Planning and management for a changing environment :  |b a handbook on redesigning postsecondary institutions /  |c Marvin W. Peterson, David D. Dill, Lisa A. Mets, and associates ; foreword by Burton R. Clark. 
250 |a 1st ed. 
260 |a San Francisco :  |b Jossey-Bass Publishers,  |c c1997. 
300 |a xxx, 577 p. :  |b ill. ;  |c 25 cm. 
490 |a The Jossey-Bass higher and adult education series 
504 |a Includes bibliographical references and indexes. 
541 |e 2986 
650 0 |a Universities and colleges  |z United States  |x Administration  |x Handbooks, manuals, etc.  |9 10567 
650 0 |a Postsecondary education  |z United States  |x Planning  |x Handbooks, manuals, etc.  |9 10568 
650 0 |a Educational change  |z United States  |x Handbooks, manuals, etc.  |9 10569 
700 1 |a Dill, David D.,  |d 1940-  |9 10570 
700 1 |a Mets, Lisa A.  |9 10571 
942 |2 ddc  |c BK 
999 |c 34276  |d 34276 
952 |0 0  |1 0  |2 ddc  |4 0  |6 378_101000000000000_PET  |7 0  |9 53508  |a SCL  |b SCL  |c GEN  |d 2015-04-19  |e Gift: The Asia Foundation  |l 0  |o 378.101 PET  |p 3020002986  |r 2015-04-19  |t 1  |w 2015-04-19  |y BK